00389 2200145 4500245007700000020001800077250001100095100001900106650003600125005001900161260003100180041001400211084000900225336000900234 aEnsiklopedia Ilmiah Anak Muslim ; Mamalia jilid 11cTethy EzokanzohText a9786027943001 aCet. 1 aTethy Ezokanzo aEnsiklopedia Ilmiah Anak Muslim a20240820093411 aJakartabKaisar Ilmuc2013 aIndonesia aNONE atext